00000000cam 2200000zi 4500
0019.963106
003CaOODSP
00520260527080326
006m     o  d f      
007cr bn|||||||||
008260527e200112##onc     of   f000 0 fre d
040 |aCaOODSP|bfre|erda|cCaOODSP
043 |an-cn---
0861 |aT52-4/293-2001F-PDF
24500|aGuide des essais de qualification : |bRAC Partie IV : dispositif d'entrainement de vol - avion, niveau 2 ou 5.
250 |aDeuxième édition.
264 1|a[Ottawa] : |bTransports Canada, Sécurité et sûreté, Aviation civile = Transport Canada, Safety and Security, Civil Aviation, |cdécembre 2001.
300 |a1 ressource en ligne (25, c'est-à-dire, 23 pages)
336 |atexte|btxt|2rdacontent/fre
337 |ainformatique|bc|2rdamedia/fre
338 |aressource en ligne|bcr|2rdacarrier/fre
500 |aPublié aussi en anglais sous le titre : Qualification test guide: CAR Part IV: flight training devices, level 2 or 5, aeroplane.
500 |a« TP 13799F. »
520 |a« La présente référence établit une base de données minimales nécessaires pour les certifications initiales et annuelles d'un dispositif d'entraînement de vol (DEV). Elle est rédigée à l'intention de l'exploitant du DEV pour pouvoir compléter les essais de validation initiale et annuelle du DEV. La validation initiale a un double objectif; elle doit premièrement permettre de s'assurer que le maniement et les performances du DEV sont comparables à celles de l'aéronef qu'il représente et deuxièmement d'établir un étalonnage pour les validations annuelles. Chacune des évaluations annuelles subséquentes devra démontrer que les performances demeurent dans les tolérances afin de maintenir la certification du DEV. … Lorsque complété, ce guide des essais doit être gardé en dossier par l'exploitant du DEV. Un inspecteur de Transports Canada surveillera la conduite des essais de validation pour la certification initiale et peut surveiller les essais pour les validations annuelles. »
650 6|aVol|xSimulateurs|xCertification|zCanada|vGuides, manuels, etc.
650 6|aVol|xSimulateurs|xEssais|vGuides, manuels, etc.
655 7|aGuides et manuels|2rvmgf
7101 |aCanada. |bTransports Canada. |bSécurité et sûreté, |eorganisme de publication.
7101 |aCanada. |bAviation civile, |eorganisme de publication.
77508|tQualification test guide : |w(CaOODSP)9.961614
85640|qPDF|s68.40 Ko|uhttps://publications.gc.ca/collections/collection_2026/tc/T52-4-293-2001-fra.pdf
8564 |qHTML|sS.O.|uhttps://tc.canada.ca/fr/aviation/publications/dispositifs-entrainement-vol-tp-13799
986 |aTP 13750F